000 00926nam a22002657a 4500
003 DO-SdBNP
005 20240412074308.0
007 ta
008 210819e2018 dr ||||er|||| 001 pdspa d
020 _a9789945609585
040 _aDO-SdBNP
_bspa
_cBNPHU
082 4 _aRD861.5
_bB453m
_222
100 1 _979176
_a Beltrán Álvarez, Miguel Ángel
_d1944 -
245 1 0 _aMujer :
_bestandarte de la Patria /
_cMiguel Ángel Beltrán Álvarez ; prólogo, Lolita Lebrón.
260 _aSanto Domingo :
_bSantuario,
_c2018
300 _a103 p. ;
_c23 cm.
500 _aIncluye biografía del autor en la solapa de la cubierta.
590 _aInventariado 2021 / MF
650 0 _aLiteratura dominicana.
_zRepública Dominicana
_967
650 4 _948395
_aMujeres en la poesía
650 4 _aLiteratura dominicana
700 1 _aLebrón, Lolita
_epról.
_99211
910 _aMFeliz/Validado. Control de calidad MFF
942 _2ddc
_cLBS1
999 _c50228
_d50228